| 000 | 00499nam a2200193Ia 4500 | ||
|---|---|---|---|
| 003 | 0100 | ||
| 005 | 20150205112055.0 | ||
| 008 | 130303s9999 xx 000 0 und d | ||
| 020 | _a0822604183 | ||
| 040 | _cARRUPELIB | ||
| 050 | _aB171.A78 1947 | ||
| 100 |
_aArmstrong, Arthur Hilary _914877 |
||
| 245 | 3 | _aAn introduction to ancient philosophy | |
| 260 |
_aLondon _bMethuen _c1957 |
||
| 300 | _axvii | ||
| 300 | _b 242 p. 22 cm | ||
| 650 |
_aPHILOSOPHY _914878 |
||
| 942 | 0 | 0 |
_05 _2lcc _cMONOGRAPH |
| 999 |
_c10137 _d10137 |
||